| 000 | nam a22 7a 4500 | ||
|---|---|---|---|
| 999 |
_c234930 _d234930 |
||
| 003 | Nust | ||
| 005 | 20170403133742.0 | ||
| 008 | 170403b xxu||||| |||| 00| 0 eng d | ||
| 040 | _cDLC | ||
| 082 | _a891.4393 GHU | ||
| 100 | _aغلام عباس | ||
| 245 | _aغلام عباس کے بےمثال افسانے | ||
| 260 |
_aLahore : _bAlhamd Publications, |
||
| 300 | _a352p. : | ||
| 942 |
_2ddc _cBK |
||